000 00635nam a22002177a 4500
005 20240503090700.0
008 240503b |||||||| |||| 00| 0 eng d
020 _a8170249724
040 _aKMU
_cKMU
_dKMU
050 _aS 942 Per
245 _aPerspectives in environment /
_cEdited by Dr. S.K Agarwal, J.P Kaushik, K.K Koul and A.K Jain
260 _aNew Delhi ;
_bA.P.H Publishing ,
_c1998.
300 _axv,381 pages :
_billus ;
_c25 cm.
500 _aincludes an index.
650 _aEnvironment
700 _aDr. Agarwal, S.K
700 _aJain, A.K
700 _aKaushik, J.P
700 _aKoul, K.K
942 _2lcc
_cBK
_n0
999 _c1147
_d1147